NBA PPG Leaders Every Year - Statistics

General Stats
  • This quiz has been taken 35 times
  • The average score is 63 of 80
Answer Stats
Year Team PPG Answer % Correct
2008-09 Miami Heat 30.20 Dwyane Wade
100%
1969-70 Los Angeles Lakers 31.20 Jerry West
100%
2022-23 Philadelphia 76ers 33.08 Joel Embiid
100%
2021-22 Philadelphia 76ers 30.57 Joel Embiid
100%
2013-14 Oklahoma City Thunder 32.01 Kevin Durant
100%
2011-12 Oklahoma City Thunder 28.03 Kevin Durant
100%
2010-11 Oklahoma City Thunder 27.71 Kevin Durant
100%
2009-10 Oklahoma City Thunder 30.15 Kevin Durant
100%
2006-07 Los Angeles Lakers 31.56 Kobe Bryant
100%
2005-06 Los Angeles Lakers 35.40 Kobe Bryant
100%
2007-08 Cleveland Cavaliers 30.00 Lebron James
100%
2025-26 Los Angeles Lakers 33.48 Luka Doncic
100%
2023-24 Dallas Mavericks 33.86 Luka Doncic
100%
2016-17 Oklahoma City Thunder 31.58 Russell Westbrook
100%
2014-15 Oklahoma City Thunder 28.15 Russell Westbrook
100%
2024-25 Oklahoma City Thunder 32.68 Shai Gilgeous-Alexander
100%
2020-21 Golden State Warriors 31.98 Stephen Curry
100%
2015-16 Golden State Warriors 30.06 Stephen Curry
100%
2004-05 Philadelphia 76ers 30.69 Allen Iverson
97%
2001-02 Philadelphia 76ers 31.38 Allen Iverson
97%
2000-01 Philadelphia 76ers 31.08 Allen Iverson
97%
1998-99 Philadelphia 76ers 26.75 Allen Iverson
97%
2012-13 New York Knicks 28.66 Carmelo Anthony
97%
2019-20 Houston Rockets 34.34 James Harden
97%
2018-19 Houston Rockets 36.13 James Harden
97%
2017-18 Houston Rockets 30.43 James Harden
97%
1997-98 Chicago Bulls 28.74 Michael Jordan
97%
1996-97 Chicago Bulls 29.65 Michael Jordan
97%
1995-96 Chicago Bulls 30.38 Michael Jordan
97%
1992-93 Chicago Bulls 32.58 Michael Jordan
97%
1991-92 Chicago Bulls 30.05 Michael Jordan
97%
1990-91 Chicago Bulls 31.46 Michael Jordan
97%
1989-90 Chicago Bulls 33.57 Michael Jordan
97%
1988-89 Chicago Bulls 32.51 Michael Jordan
97%
1987-88 Chicago Bulls 34.98 Michael Jordan
97%
1986-87 Chicago Bulls 37.09 Michael Jordan
97%
1999-00 Los Angeles Lakers 29.67 Shaquille O'Neal
97%
1994-95 Orlando Magic 29.30 Shaquille O'Neal
97%
1965-66 Philadelphia 76ers 33.53 Wilt Chamberlain
94%
1964-65 San Francisco Warriors 34.71 Wilt Chamberlain
94%
1963-64 San Francisco Warriors 36.85 Wilt Chamberlain
94%
1962-63 San Francisco Warriors 44.83 Wilt Chamberlain
94%
1961-62 Philadelphia Warriors 50.36 Wilt Chamberlain
94%
1960-61 Philadelphia Warriors 38.39 Wilt Chamberlain
94%
1959-60 Philadelphia Warriors 37.60 Wilt Chamberlain
94%
1985-86 Atlanta Hawks 30.33 Dominique Wilkins
90%
1971-72 Milwaukee Bucks 34.84 Kareem Abdul-Jabbar
90%
1970-71 Milwaukee Bucks 31.66 Kareem Abdul-Jabbar
90%
2003-04 Orlando Magic 28.03 Tracy McGrady
90%
2002-03 Orlando Magic 32.09 Tracy McGrady
90%
1993-94 San Antonio Spurs 29.79 David Robinson
87%
1981-82 San Antonio Spurs 32.29 George Gervin
77%
1979-80 San Antonio Spurs 33.14 George Gervin
77%
1978-79 San Antonio Spurs 29.56 George Gervin
77%
1977-78 San Antonio Spurs 27.22 George Gervin
77%
1967-68 Cincinnati Royals 29.17 Oscar Robertson
74%
1982-83 Denver Nuggets 28.37 Alex English
68%
1975-76 Buffalo Braves 31.12 Bob McAdoo
65%
1974-75 Buffalo Braves 34.52 Bob McAdoo
65%
1973-74 Buffalo Braves 30.55 Bob McAdoo
65%
1958-59 St. Louis Hawks 29.24 Bob Pettit
65%
1955-56 St. Louis Hawks 25.68 Bob Pettit
65%
1950-51 Minneapolis Lakers 28.41 George Mikan
52%
1949-50 Minneapolis Lakers 27.43 George Mikan
52%
1948-49 Minnesota Lakers 28.30 George Mikan
52%
1976-77 New Orleans Jazz 31.14 Pete Maravich
48%
1968-69 Oakland Oaks 34.00 Rick Barry
45%
1966-67 San Francisco Warriors 35.58 Rick Barry
45%
1983-84 Utah Jazz 30.61 Adrian Dantley
39%
1980-81 Utah Jazz 30.65 Adrian Dantley
39%
1984-85 New York Knicks 32.89 Bernard King
32%
1972-73 Kansas City-Omaha Kings 33.99 Tiny Archibald
29%
1956-57 Philadelphia Warriors 25.59 Paul Arizin
26%
1951-52 Philadelphia Warriors 25.36 Paul Arizin
26%
1947-48 Philadelphia Warriors 22.07 Joe Fulks
16%
1946-47 Philadelphia Warriors 23.15 Joe Fulks
16%
1957-58 Detroit Pistons 27.79 George Yardley
10%
1954-55 Philadelphia Warriors 22.65 Neil Johnston
10%
1953-54 Philadelphia Warriors 24.43 Neil Johnston
10%
1952-53 Philadelphia Warriors 22.34 Neil Johnston
10%
No matching quizzes found
Score Distribution
Percent of People with Each Score
Percentile by Number Answered
Your Score History
You have not taken this quiz